Angel Of My Dreams - JADE (All Lyrics) - Statistics

General Stats
  • This quiz has been taken 85 times
  • The average score is 325 of 361
Answer Stats
Answer % Correct
a
100%
always
100%
and
100%
Angel
100%
dreams
100%
f-
100%
fair
100%
Fair
100%
I
100%
(I
100%
it
100%
(It
100%
it's
100%
It's
100%
love
100%
Love
100%
my
100%
not
100%
of
100%
will
100%
you
100%
you,
100%
You
100%
car,
98%
hate
98%
so
97%
When
97%
when
97%
care
95%
Care
95%
care)
95%
In
95%
in
95%
(In
95%
me
95%
me,
95%
need
95%
the
95%
don't
93%
don't-
93%
I'm
93%
heaven
92%
act
90%
at
90%
happy
90%
win,
90%
you're
90%
bittersweet
88%
camera
88%
flashy,
88%
lookin'
88%
want
87%
Want
87%
call
85%
feels
85%
spotlight
85%
spotlight)
85%
But
83%
if
82%
If
82%
dark
80%
die
80%
like
80%
star
80%
only
77%
about
75%
down
75%
money
75%
(Money)
75%
to
75%
cry,
73%
psycho
73%
soul
73%
funny
72%
Gucci
72%
let
72%
honey
70%
nice
70%
nice)
70%
sad
70%
lucky
68%
lucky,
68%
Sellin'
68%
bad,
67%
bin
67%
house
67%
that
67%
Got
65%
got
65%
sue
65%
Better
63%
say
63%
suit,
63%
buy
62%
sushi
60%
mad,
58%
They
57%
off
55%
knew
53%
never
53%
I'll
50%
pop
50%
(Ah)
40%
(Ah-
40%
ah)
40%
try,
38%
grind
27%
wonder
25%
you'll
25%
day
20%
one
20%
swear)
8%
forever,
7%
No matching quizzes found
Score Distribution
Percent of People with Each Score
Percentile by Number Answered
Your Score History
You have not taken this quiz